000 00497nam a2200145Ia 4500
008 100122s9999 xx 000 0 und d
082 _b30887
_a824
100 _aसावरकर विनायक दामोदर
245 _aरणशिंग ( क.क्र.26/4 )
260 _bमॅजेस्टिक प्रकाशन
_c1973
300 _a108
630 _aरणशिंग ( क.क्र.26/4 )
730 _aरणशिंग ( क.क्र.26/4 )
942 _cBOOK
999 _c415664
_d415661